[Event "CZE-chT U12"]
[Site "Jihlava"]
[Date "2022.06.11"]
[Round "7.2"]
[White "Belaska, Adam"]
[Black "Horkova, Tereza"]
[Result "0-1"]
[WhiteElo "1260"]
[BlackElo "1732"]
[PlyCount "120"]
[EventDate "2022.06.10"]
[EventType "team-swiss"]
[EventRounds "9"]
[EventCountry "CZE"]
[SourceTitle "CBM 209 Extra"]
[Source "ChessBase"]
[SourceDate "2022.09.30"]
[SourceVersion "1"]
[SourceVersionDate "2022.09.30"]
[SourceQuality "1"]
[WhiteTeam "Liberec Desko U12"]
[BlackTeam "Frydek Mistek U12"]
[WhiteTeamCountry "CZE"]
[BlackTeamCountry "CZE"]

1. d4 d5 2. c4 c6 3. Nf3 Nf6 4. Nc3 e6 5. Bg5 Be7 6. e3 0-0 7. Bd3 dxc4 8. Bxc4 Nbd7 9. 0-0 Nb6 10. Bb3 h6 11. Bf4 Nbd5 12. Bg3 Nxc3 13. bxc3 Ne4 14. Qd3 Nxg3 15. hxg3 c5 16. Bc2 g6 17. Ne5 Bf6 18. Nf3 cxd4 19. cxd4 Bd7 20. Kh2 a6 21. Rh1 Bb5 22. Qd2 Rc8 23. Kg1 Kg7 24. e4 Bg5 25. Nxg5 Qxg5 26. Qxg5 hxg5 27. Bb3 Bc4 28. f3 Bxb3 29. axb3 Rc3 30. Kf2 Rxb3 31. Rab1 Rxb1 32. Rxb1 b5 33. Ke3 Rb8 34. Kd3 Kf6 35. Kc3 a5 36. Ra1 a4 37. Kb4 Ke7 38. Ka5 f5 39. Ka6 fxe4 40. fxe4 Rd8 41. Rd1 b4 42. Kb5 b3 43. Kxa4 b2 44. Ka3 Rxd4 45. Re1 Rd2 46. Rg1 Rc2 47. Rb1 Rc3+ 48. Kxb2 Rxg3 49. Kc2 Rxg2+ 50. Kd3 Kf6 51. Kd4 g4 52. Ke3 g5 53. Re1 Rg3+ 54. Kf2 Rf3+ 55. Kg2 Ke5 56. Kh2 Rf4 57. Kg3 Rxe4 58. Rxe4+ Kxe4 59. Kxg4 e5 60. Kxg5 Kf3 0-1

[Event "CZE-chT U12"]
[Site "Jihlava"]
[Date "2022.06.10"]
[Round "2.2"]
[White "Belaska, Adam"]
[Black "Bludsky, Vit"]
[Result "1-0"]
[WhiteElo "1260"]
[BlackElo "1289"]
[PlyCount "47"]
[EventDate "2022.06.10"]
[EventType "team-swiss"]
[EventRounds "9"]
[EventCountry "CZE"]
[SourceTitle "CBM 209 Extra"]
[Source "ChessBase"]
[SourceDate "2022.09.30"]
[SourceVersion "1"]
[SourceVersionDate "2022.09.30"]
[SourceQuality "1"]
[WhiteTeam "Liberec Desko U12"]
[BlackTeam "Plzen 64 U12"]
[WhiteTeamCountry "CZE"]
[BlackTeamCountry "CZE"]

1. d4 Nf6 2. c4 c5 3. d5 e6 4. dxe6 fxe6 5. Nc3 g6 6. Bg5 Bg7 7. Nf3 0-0 8. g3 Nc6 9. Bg2 a6 10. 0-0 d6 11. Ne4 Qb6 12. Nxf6+ Bxf6 13. Bxf6 Rxf6 14. Qxd6 Qxb2 15. Qxc5 Qxe2 16. Nd4 Qe5 17. Qxe5 Nxe5 18. c5 Rb8 19. Rab1 Nd7 20. c6 bxc6 21. Nxc6 Rb6 22. Ne7+ Kf7 23. Nxc8 Rb5 24. Nd6+ 1-0

[Event "CZE-ch U12"]
[Site "Herlikovice"]
[Date "2021.10.25"]
[Round "3"]
[White "Bara, Jan"]
[Black "Belaska, Adam"]
[Result "1-0"]
[WhiteElo "1413"]
[BlackElo "1258"]
[PlyCount "85"]
[EventDate "2021.10.23"]
[EventType "swiss"]
[EventRounds "9"]
[EventCountry "CZE"]
[SourceTitle "EXT 2023"]
[Source "ChessBase"]
[SourceDate "2022.10.05"]
[SourceVersion "1"]
[SourceVersionDate "2022.10.05"]
[SourceQuality "1"]

1. d4 d5 2. c4 e6 3. Nc3 Bb4 4. Nf3 Nf6 5. Bg5 Nbd7 6. e3 0-0 7. cxd5 exd5 8. Bd3 c5 9. 0-0 c4 10. Nxd5 cxd3 11. Nxb4 b6 12. Nxd3 Bb7 13. Nde5 Qc7 14. Rc1 Qd6 15. Nxd7 Nxd7 16. Bf4 Qd5 17. Qa4 h6 18. Rfe1 Rfe8 19. Rc7 Nf6 20. Qc4 Qxc4 21. Rxc4 Bxf3 22. gxf3 Nd5 23. Bg3 Rac8 24. Rec1 Rcd8 25. e4 Ne7 26. Rc7 Rc8 27. Bd6 Rxc7 28. Rxc7 Ng6 29. Rxa7 Rd8 30. e5 Nh4 31. Ra3 Nf5 32. Bc7 Rxd4 33. Bxb6 Rd2 34. Rb3 Nh4 35. Kf1 Nxf3 36. Rxf3 Rxb2 37. Bd4 Rxa2 38. Rg3 g5 39. h4 Rd2 40. Rg4 Rd1+ 41. Kg2 Kh7 42. hxg5 hxg5 43. Be3 1-0

[Event "CZE-ch U12"]
[Site "Herlikovice"]
[Date "2021.10.23"]
[Round "1"]
[White "Pesek, Petr1111"]
[Black "Belaska, Adam"]
[Result "0-1"]
[WhiteElo "1006"]
[BlackElo "1258"]
[PlyCount "35"]
[EventDate "2021.10.23"]
[EventType "swiss"]
[EventRounds "9"]
[EventCountry "CZE"]
[SourceTitle "EXT 2023"]
[Source "ChessBase"]
[SourceDate "2022.10.05"]
[SourceVersion "1"]
[SourceVersionDate "2022.10.05"]
[SourceQuality "1"]

1. e4 c5 2. Nf3 d6 3. d4 cxd4 4. Nxd4 Nf6 5. Nc3 g6 6. Be3 Bg7 7. Bc4 0-0 8. a3 Nbd7 9. Bd3 Nc5 10. Qd2 b6 11. Bh6 Bb7 12. f3 Ne8 13. Bxg7 Kxg7 14. 0-0-0 e5 15. Nb3 d5 16. Rde1 d4 17. Nb1 Qc7 18. c3 0-1

[Event "CZE-ch Betsys Online Blitz"]
[Site "Chess.com INT"]
[Date "2021.04.17"]
[Round "2"]
[White "Vaclavik, Jan"]
[Black "Belaska, Adam"]
[Result "1-0"]
[WhiteElo "1810"]
[BlackElo "1272"]
[PlyCount "35"]
[EventDate "2021.04.17"]
[EventType "swiss (blitz)"]
[EventRounds "13"]
[EventCountry "CZE"]
[SourceTitle "CBM 201 Extra"]
[Source "ChessBase"]
[SourceDate "2021.05.31"]
[SourceVersion "1"]
[SourceVersionDate "2021.05.31"]
[SourceQuality "1"]

1. Nf3 d5 2. g3 Nf6 3. Bg2 Nc6 4. d4 g6 5. 0-0 Bg7 6. c4 0-0 7. Nc3 e6 8. Re1 Bd7 9. Bg5 Qe7 10. cxd5 exd5 11. Nxd5 Qe6 12. Nxc7 Qd6 13. Nxa8 Rxa8 14. Bf4 Qe6 15. Ne5 Nxe5 16. dxe5 Nd5 17. Qxd5 Qxd5 18. Bxd5 1-0